| Tag |
First Indicator |
Second Indicator |
Subfields |
| LEADER |
00000cam a22000004a 4500 |
| 001 |
in00002049821 |
| 005 |
20151101062128.0 |
| 008 |
030512s2004 njua b 001 0 eng |
| 010 |
|
|
|a 2003053153
|
| 020 |
|
|
|a 0130082740
|
| 035 |
|
|
|a (OCoLC)ocm52271701
|
| 040 |
|
|
|a DLC
|c DLC
|d UtOrBLW
|
| 042 |
|
|
|a pcc
|
| 049 |
|
|
|a TXAM
|
| 050 |
0 |
0 |
|a HD69.S8
|b D392 2004
|
| 082 |
0 |
0 |
|a 658/.044
|2 21
|
| 100 |
1 |
|
|a Davis, Edward W.
|q (Edward Wilson),
|d 1935-
|
| 245 |
1 |
4 |
|a The extended enterprise :
|b gaining competitive advantage through collaborative supply chains /
|c Edward W. Davis and Robert E. Spekman.
|
| 264 |
|
1 |
|a Upper Saddle River, NJ :
|b Financial Times/Prentice Hall,
|c [2004]
|
| 264 |
|
4 |
|c ©2004
|
| 300 |
|
|
|a xxiv, 262 pages :
|b illustrations ;
|c 24 cm.
|
| 336 |
|
|
|a text
|b txt
|2 rdacontent
|
| 337 |
|
|
|a unmediated
|b n
|2 rdamedia
|
| 338 |
|
|
|a volume
|b nc
|2 rdacarrier
|
| 504 |
|
|
|a Includes bibliographical references (pages 243-255) and index.
|
| 650 |
|
0 |
|a Strategic alliances (Business)
|
| 650 |
|
0 |
|a Business networks.
|
| 650 |
|
0 |
|a Business logistics
|x Management.
|
| 650 |
|
0 |
|a Competition.
|
| 700 |
1 |
|
|a Spekman, Robert E.
|
| 994 |
|
|
|a C0
|b TXA
|
| 948 |
|
|
|a cataloged
|b h
|c 2005/6/24
|d c
|e bwalker
|f 8:59:32 am
|
| 999 |
|
|
|a MARS
|
| 999 |
f |
f |
|s 93ebb58c-b044-3500-a732-fafc751cd204
|i fd9e9813-0096-3b25-be71-80594207bd12
|t 0
|
| 952 |
f |
f |
|p ric
|a Texas A&M University
|b Rellis Campus
|c Joint Library Facility
|d Remote Storage
|t 0
|e HD69.S8 D392 2004
|h Library of Congress classification
|i unmediated -- volume
|m A14833662480
|
| 998 |
f |
f |
|a HD69.S8 D392 2004
|t 0
|l Remote Storage
|